[Event "Heart of Finland op 30th"]
[Site "Jyvaskyla"]
[Date "2022.07.21"]
[Round "5"]
[White "Lonnqvist, Henrik"]
[Black "Sipila, Vilka"]
[Result "0-1"]
[WhiteElo "2019"]
[BlackElo "2416"]
[PlyCount "46"]
[EventDate "2022.07.18"]
[EventType "swiss"]
[EventRounds "9"]
[EventCountry "FIN"]
[SourceTitle "CBM 209 Extra"]
[Source "ChessBase"]
[SourceDate "2022.09.30"]
[SourceVersion "1"]
[SourceVersionDate "2022.09.30"]
[SourceQuality "1"]

1. e4 c5 2. Nf3 e6 3. d4 cxd4 4. Nxd4 Nc6 5. Nxc6 bxc6 6. Bd3 d5 7. 0-0 Nf6 8. e5 Nd7 9. Qe2 Nc5 10. Nd2 Be7 11. Nb3 Nxd3 12. cxd3 a5 13. Qc2 a4 14. Nc5 Qa5 15. Be3 0-0 16. f4 Rd8 17. Qf2 d4 18. Ne4 dxe3 19. Qxe3 Qa7 20. Qxa7 Rxa7 21. Rac1 Rxd3 22. Rxc6 Bb7 23. Rc7 Bxe4 0-1

[Event "Heart of Finland op 30th"]
[Site "Jyvaskyla"]
[Date "2022.07.19"]
[Round "2"]
[White "Lonnqvist, Henrik"]
[Black "Abdrlauf, Elham"]
[Result "1/2-1/2"]
[WhiteElo "2019"]
[BlackElo "2466"]
[PlyCount "155"]
[EventDate "2022.07.18"]
[EventType "swiss"]
[EventRounds "9"]
[EventCountry "FIN"]
[SourceTitle "CBM 209 Extra"]
[Source "ChessBase"]
[SourceDate "2022.09.30"]
[SourceVersion "1"]
[SourceVersionDate "2022.09.30"]
[SourceQuality "1"]

1. e4 c6 2. d4 d5 3. Nc3 dxe4 4. Nxe4 Nf6 5. Nxf6+ exf6 6. Nf3 Bd6 7. h3 0-0 8. Be2 Re8 9. 0-0 Nd7 10. c4 Nf8 11. Be3 Be6 12. Re1 Ng6 13. Bf1 Qd7 14. Qa4 b5 15. cxb5 Bd5 16. Rac1 Bxf3 17. gxf3 Nh4 18. bxc6 Nxf3+ 19. Kh1 Qc7 20. Red1 Rab8 21. Bg2 Rb4 22. Qxb4 Bxb4 23. Bxf3 Bd6 24. d5 Qe7 25. Bd4 f5 26. Re1 Qxe1+ 27. Rxe1 Rxe1+ 28. Kg2 a6 29. Bc3 Re8 30. Kf1 Kf8 31. Be2 Ra8 32. b4 Ke7 33. a4 f6 34. Bd3 g6 35. Ke2 Be5 36. Bd2 Bc7 37. Be3 Bd6 38. Bc5 a5 39. c7 axb4 40. Ba6 b3 41. Kd2 Bxc5 42. c8Q Rxc8 43. Bxc8 Bxf2 44. Kc3 Kd6 45. Be6 f4 46. Kxb3 Bc5 47. Kc4 f3 48. Bg4 f2 49. Be2 g5 50. Bf1 h5 51. Bg2 f5 52. Kd3 Ke5 53. Ke2 g4 54. a5 Kd6 55. Kf1 Kc7 56. Ke2 Kb7 57. hxg4 fxg4 58. Be4 g3 59. Bg2 Ka6 60. Kf3 h4 61. Kg4 Be7 62. Kf5 Kxa5 63. Ke4 Kb4 64. Kd4 Bg5 65. Bf1 Kb3 66. Kd3 Kb2 67. Ke2 Kc3 68. Bg2 Kd4 69. Bh3 Kxd5 70. Kf1 Ke4 71. Bc8 Ke3 72. Bd7 Bd8 73. Bc8 g2+ 74. Kxg2 Ke2 75. Ba6+ Ke1 76. Bb5 h3+ 77. Kxh3 f1Q+ 78. Bxf1 1/2-1/2

[Event "Norrkoeping Easter op"]
[Site "Norrkoeping"]
[Date "2022.04.15"]
[Round "2"]
[White "Poley, Vladimir"]
[Black "Lonnqvist, Henrik"]
[Result "1-0"]
[WhiteElo "2327"]
[BlackElo "2020"]
[PlyCount "69"]
[EventDate "2022.04.15"]
[EventType "swiss"]
[EventRounds "8"]
[EventCountry "SWE"]
[SourceTitle "CBM 207 Extra"]
[Source "ChessBase"]
[SourceDate "2022.05.31"]
[SourceVersion "1"]
[SourceVersionDate "2022.05.31"]
[SourceQuality "1"]

1. Nf3 Nf6 2. g3 g6 3. b4 Bg7 4. Bb2 0-0 5. Bg2 c6 6. 0-0 a5 7. a3 axb4 8. axb4 Rxa1 9. Bxa1 Qb6 10. c3 d5 11. d3 Bg4 12. Nbd2 Bxf3 13. Bxf3 Na6 14. e4 e6 15. Kg2 Nd7 16. d4 dxe4 17. Bxe4 e5 18. Nc4 Qc7 19. dxe5 Nxe5 20. Nxe5 Qxe5 21. Re1 Re8 22. Re2 Qc7 23. h4 Bf6 24. h5 Rd8 25. Qe1 Kg7 26. c4 Bxa1 27. Qxa1+ f6 28. Qb1 Qb6 29. hxg6 Qxb4 30. Qxb4 Nxb4 31. gxh7 Na6 32. Bf5 Nc5 33. Re7+ Kh8 34. Rf7 Nd7 35. Rxd7 1-0

[Event "Heart of Finland op 29th"]
[Site "Jyvaskyla"]
[Date "2019.07.20"]
[Round "8"]
[White "Lonnqvist, Henrik"]
[Black "Lappi, Esa"]
[Result "1-0"]
[WhiteElo "2038"]
[BlackElo "1948"]
[PlyCount "89"]
[EventDate "2019.07.15"]
[EventType "swiss"]
[EventRounds "9"]
[EventCountry "FIN"]
[SourceTitle "EXT 2021"]
[Source "ChessBase"]
[SourceDate "2020.10.23"]
[SourceVersion "1"]
[SourceVersionDate "2020.10.23"]
[SourceQuality "1"]

1. e4 c5 2. Nf3 Nc6 3. d4 cxd4 4. Nxd4 e5 5. Nb5 d6 6. c4 Nf6 7. N1c3 a6 8. Na3 Be7 9. Be2 0-0 10. Be3 Be6 11. 0-0 Rc8 12. f3 h6 13. Qd2 Nh7 14. Rfd1 Qc7 15. Rac1 Rfd8 16. Nd5 Bxd5 17. cxd5 f5 18. exf5 Qb8 19. dxc6 bxc6 20. Bxa6 Rc7 21. Qc2 d5 22. Nb5 Rcd7 23. Qxc6 d4 24. Bd2 Nf6 25. Ba5 Rf8 26. Bc8 Rd6 27. Nxd6 Bxd6 28. Qb7 Kh7 29. Qxb8 Bxb8 30. Be6 Ba7 31. Rc8 Rxc8 32. Bxc8 Nd5 33. Bd2 Nf6 34. Kf1 e4 35. fxe4 Nxe4 36. Ke2 d3+ 37. Kxd3 Nf2+ 38. Kc2 Nxd1 39. Kxd1 Kg8 40. Bc3 Kf7 41. Be6+ Kf8 42. b4 Bb8 43. h3 Bf4 44. a4 Bg5 45. b5 1-0

[Event "Helsinki Easter op"]
[Site "Helsinki"]
[Date "2018.03.31"]
[Round "3"]
[White "Lonnqvist, Henrik"]
[Black "Hiltunen, Ville"]
[Result "1-0"]
[WhiteElo "1999"]
[BlackElo "1806"]
[PlyCount "95"]
[EventDate "2018.03.30"]
[EventType "swiss"]
[EventRounds "6"]
[EventCountry "FIN"]
[SourceTitle "EXT 2019"]
[Source "ChessBase"]
[SourceDate "2018.10.10"]
[SourceVersion "1"]
[SourceVersionDate "2018.10.10"]
[SourceQuality "1"]

1. c4 Nf6 2. Nc3 g6 3. g3 Bg7 4. Bg2 0-0 5. e4 e5 6. Nge2 c5 7. 0-0 Nc6 8. d3 d6 9. h3 Ne8 10. Be3 Bd7 11. Qd2 Qc8 12. Kh2 Rb8 13. Nd5 Nc7 14. Nec3 Nxd5 15. Nxd5 Be6 16. f4 Bxd5 17. cxd5 exf4 18. gxf4 Nd4 19. Qf2 f5 20. Rae1 Re8 21. Bd2 Qc7 22. Kh1 a5 23. Bc3 a4 24. Qg3 Kh8 25. h4 Nb5 26. Bxg7+ Qxg7 27. Rf2 Re7 28. e5 Rbe8 29. e6 Nd4 30. Rg1 b5 31. Bf1 Qf6 32. Rh2 Rg8 33. h5 Reg7 34. Qh3 gxh5 35. Rxg7 Rxg7 36. Rg2 Kg8 37. Qxh5 Rxg2 38. Bxg2 Qg6 39. Qh4 Qe8 40. Qg5+ Kf8 41. Kg1 b4 42. Qf6+ Kg8 43. e7 Ne2+ 44. Kf2 Nxf4 45. Qxd6 Nxg2 46. Kxg2 Kf7 47. Qe6+ Kg7 48. d6 1-0

[Event "Heart of Finland op 27th"]
[Site "Jyvaskyla"]
[Date "2017.07.19"]
[Round "4"]
[White "Nivala, Tuomas"]
[Black "Lonnqvist, Henrik"]
[Result "1-0"]
[WhiteElo "2247"]
[BlackElo "2019"]
[PlyCount "67"]
[EventDate "2017.07.17"]
[EventType "swiss"]
[EventRounds "9"]
[EventCountry "FIN"]
[SourceTitle "CBM 179 Extra"]
[Source "ChessBase"]
[SourceDate "2017.08.23"]
[SourceVersion "1"]
[SourceVersionDate "2017.08.23"]
[SourceQuality "1"]

1. b3 c5 2. Bb2 Nc6 3. Nf3 Nf6 4. e3 a6 5. c4 e6 6. Be2 d5 7. d3 b6 8. 0-0 Bb7 9. Nbd2 Bd6 10. d4 cxd4 11. cxd5 Nxd5 12. Nxd4 Nxd4 13. Bxd4 0-0 14. Nc4 Bb4 15. Bf3 b5 16. Nb6 Rb8 17. Nxd5 Bxd5 18. Bxg7 Kxg7 19. Bxd5 Bc3 20. Rc1 b4 21. Qg4+ Kh8 22. Bc4 Rg8 23. Qe4 Qg5 24. g3 Rgd8 25. a4 a5 26. Rfd1 Qh5 27. Rxd8+ Rxd8 28. Kg2 Kg7 29. h3 Kf6 30. Be2 Qg6 31. Qh4+ Qg5 32. Qxh7 Rd2 33. Rc2 Qd5+ 34. Bf3 1-0

[Event "Heart of Finland op 27th"]
[Site "Jyvaskyla"]
[Date "2017.07.18"]
[Round "2"]
[White "Bistrikova, Elena V"]
[Black "Lonnqvist, Henrik"]
[Result "1-0"]
[WhiteElo "2122"]
[BlackElo "2019"]
[PlyCount "65"]
[EventDate "2017.07.17"]
[EventType "swiss"]
[EventRounds "9"]
[EventCountry "FIN"]
[SourceTitle "CBM 179 Extra"]
[Source "ChessBase"]
[SourceDate "2017.08.23"]
[SourceVersion "1"]
[SourceVersionDate "2017.08.23"]
[SourceQuality "1"]

1. c4 e5 2. g3 f5 3. d4 exd4 4. Qxd4 Nc6 5. Qd2 Nf6 6. Nc3 Bb4 7. Bg2 a5 8. a3 Bc5 9. Nf3 d6 10. 0-0 0-0 11. Qc2 Kh8 12. Bg5 Qe8 13. Bxf6 Rxf6 14. Nd5 Rh6 15. Nxc7 Qh5 16. h4 f4 17. Nxa8 fxg3 18. Qe4 Bf5 19. Qf4 Rg6 20. e4 Be6 21. b4 Nd4 22. Qf8+ Bg8 23. bxc5 Ne2+ 24. Kh1 Rf6 25. Qxf6 gxf6 26. cxd6 Be6 27. Nc7 Bh3 28. fxg3 Qg4 29. Rf2 Bxg2+ 30. Rxg2 Qxf3 31. d7 Nxg3+ 32. Kh2 Qd3 33. Nd5 1-0

[Event "Lahti We LahS A"]
[Site "Lahti"]
[Date "2016.07.15"]
[Round "1"]
[White "Mustonen, Tapani"]
[Black "Lonnqvist, Henrik"]
[Result "1-0"]
[WhiteElo "1871"]
[BlackElo "2019"]
[PlyCount "95"]
[EventDate "2016.07.15"]
[EventType "swiss"]
[EventRounds "5"]
[EventCountry "FIN"]
[SourceTitle "EXT 2022"]
[Source "ChessBase"]
[SourceDate "2021.10.06"]
[SourceVersion "1"]
[SourceVersionDate "2021.10.06"]
[SourceQuality "1"]

1. d4 Nf6 2. Bg5 Ne4 3. h4 d5 4. Nd2 Nxg5 5. hxg5 Bf5 6. e3 e6 7. g4 Bg6 8. f4 c5 9. Bb5+ Nc6 10. Ngf3 Qb6 11. Bxc6+ bxc6 12. Ne5 cxd4 13. Nxg6 fxg6 14. exd4 Qxd4 15. Qe2 Kd7 16. 0-0-0 Rb8 17. c3 Qb6 18. Nc4 Qb5 19. Ne5+ Kc7 20. Qxb5 Rxb5 21. Nxg6 Rg8 22. Rxh7 Bc5 23. Re1 Kd7 24. f5 exf5 25. gxf5 Kd8 26. Re6 Rb7 27. b4 Bb6 28. Kd2 Rf7 29. f6 Bc7 30. Rxc6 Kd7 31. b5 Bd6 32. Ra6 Ke6 33. Ne7 Rb8 34. a4 Rbf8 35. Rxg7 Rd8 36. Rxa7 Rxg7 37. fxg7 Bxe7 38. b6 Bc5 39. a5 Kd6 40. Rf7 Kc6 41. Rc7+ Kd6 42. Kc2 Rg8 43. Kb3 Be3 44. g6 Bg5 45. Ka4 Bf6 46. a6 Bd8 47. Rc8 Kd7 48. b7 1-0

[Event "Lahti We LahS"]
[Site "Lahti"]
[Date "2015.07.26"]
[Round "5"]
[White "Lonnqvist, Henrik"]
[Black "Maki, Juha"]
[Result "0-1"]
[WhiteElo "2074"]
[BlackElo "1908"]
[PlyCount "58"]
[EventDate "2015.07.24"]
[EventType "swiss"]
[EventRounds "5"]
[EventCountry "FIN"]
[SourceTitle "EXT 2022"]
[Source "ChessBase"]
[SourceDate "2021.10.06"]
[SourceVersion "1"]
[SourceVersionDate "2021.10.06"]
[SourceQuality "1"]

1. e4 e6 2. d4 d5 3. Nc3 Bb4 4. e5 c5 5. Bd2 Nh6 6. a3 Bxc3 7. Bxc3 cxd4 8. Bxd4 Nf5 9. f4 b6 10. Nf3 Ba6 11. Bf2 Bxf1 12. Rxf1 Nd7 13. Qe2 Qc7 14. g4 Ne7 15. Nd4 a6 16. 0-0-0 Nc6 17. f5 Nxd4 18. Bxd4 Nc5 19. Qe3 a5 20. Kb1 Rc8 21. Qg5 Rg8 22. Qh5 exf5 23. Qxh7 Rf8 24. gxf5 Ne4 25. c3 b5 26. Be3 Nxc3+ 27. bxc3 Qxc3 28. Bc1 Qb3+ 29. Ka1 Rc2 0-1

[Event "Helsinki Arena HSL"]
[Site "Helsinki"]
[Date "2015.06.28"]
[Round "5"]
[White "Lonnqvist, Henrik"]
[Black "Sipila, Markku"]
[Result "1-0"]
[WhiteElo "2044"]
[BlackElo "1944"]
[PlyCount "71"]
[EventDate "2015.06.27"]
[EventType "swiss"]
[EventRounds "5"]
[EventCountry "FIN"]
[SourceTitle "EXT 2022"]
[Source "ChessBase"]
[SourceDate "2021.10.06"]
[SourceVersion "1"]
[SourceVersionDate "2021.10.06"]
[SourceQuality "1"]

1. e4 c5 2. c3 d5 3. exd5 Qxd5 4. d4 Nf6 5. Nf3 Nc6 6. Be2 e6 7. 0-0 Be7 8. Na3 cxd4 9. Nb5 Qd7 10. Nbxd4 0-0 11. Bg5 h6 12. Bh4 a6 13. Qc2 Rd8 14. Rad1 Qc7 15. Nxc6 bxc6 16. Rxd8+ Qxd8 17. Ne5 Qc7 18. f4 Bb7 19. Rd1 g5 20. fxg5 Nd5 21. Ng4 hxg5 22. Bg3 Bc5+ 23. Kh1 Qe7 24. Be5 f5 25. Nh6+ Kf8 26. Nxf5 exf5 27. Qxf5+ Qf7 28. Qxg5 Be3 29. Bd6+ Ke8 30. Qe5+ Kd8 31. Rxd5 cxd5 32. Qxe3 Kd7 33. Qb6 Ke6 34. Bg4+ Kf6 35. Bf4+ Kg7 36. Qh6+ 1-0

[Event "Helsinki We EtVaS 40 Group M"]
[Site "Helsinki"]
[Date "2014.05.18"]
[Round "5.8"]
[White "Lonnqvist, Henrik"]
[Black "Demidov, Jan"]
[Result "1-0"]
[WhiteElo "2059"]
[BlackElo "1938"]
[PlyCount "53"]
[EventDate "2014.05.16"]
[EventType "swiss"]
[EventRounds "5"]
[EventCountry "FIN"]
[SourceTitle "EXT 2022"]
[Source "ChessBase"]
[SourceDate "2021.10.06"]
[SourceVersion "1"]
[SourceVersionDate "2021.10.06"]
[SourceQuality "1"]

1. e4 e6 2. d4 d5 3. Nc3 Nf6 4. Bg5 Be7 5. e5 Nfd7 6. h4 c5 7. Bxe7 Kxe7 8. Qg4 Kf8 9. f4 cxd4 10. Nb5 Nc6 11. 0-0-0 a6 12. Nxd4 Nxd4 13. Rxd4 b5 14. Nf3 Qc7 15. h5 h6 16. Rh3 Nc5 17. Rg3 Rg8 18. Bd3 Nxd3+ 19. Rxd3 b4 20. Nd4 Bd7 21. f5 Qxe5 22. Rde3 exf5 23. Nxf5 Qb8 24. Qd4 Qb5 25. Qe5 Qc5 26. Ne7 Be6 27. Nxg8 1-0

[Event "Heart of Finland op 23rd"]
[Site "Jyvaskyla"]
[Date "2013.07.14"]
[Round "9"]
[White "Linden, Lari"]
[Black "Lonnqvist, Henrik"]
[Result "1-0"]
[WhiteElo "1993"]
[BlackElo "2079"]
[PlyCount "113"]
[EventDate "2013.07.08"]
[EventType "swiss"]
[EventRounds "9"]
[EventCountry "FIN"]
[SourceTitle "EXT 2022"]
[Source "ChessBase"]
[SourceDate "2021.10.06"]
[SourceVersion "1"]
[SourceVersionDate "2021.10.06"]
[SourceQuality "1"]

1. d4 Nf6 2. c4 e5 3. dxe5 Ng4 4. Nf3 Nc6 5. a3 Bc5 6. e3 a5 7. Be2 0-0 8. Nc3 Re8 9. 0-0 Ncxe5 10. Nxe5 Nxe5 11. Rb1 Ra6 12. b4 axb4 13. axb4 Ba7 14. c5 Rh6 15. e4 Rg6 16. Ra1 Nc6 17. b5 Bxc5 18. bxc6 Rxc6 19. Qd3 Qh4 20. Ra8 Rg6 21. g3 d6 22. Nd5 Qd8 23. Bh5 Rge6 24. Bg4 h5 25. Bxe6 fxe6 26. Ne3 h4 27. Ng2 hxg3 28. hxg3 Qf6 29. Be3 Bxe3 30. Qxe3 Kf7 31. Qf4 Bd7 32. Qxf6+ gxf6 33. Rxe8 Bxe8 34. Rc1 c5 35. Kf1 Bb5+ 36. Ke1 Bc6 37. f3 f5 38. exf5 Bxf3 39. fxe6+ Kxe6 40. Kf2 Bc6 41. Nf4+ Kf5 42. Rd1 Ke5 43. Ke3 d5 44. Nd3+ Kd6 45. Kf4 b5 46. Ne5 Bb7 47. g4 d4 48. g5 Bd5 49. g6 b4 50. Nf7+ Kc6 51. Ke5 Bc4 52. Nh6 b3 53. g7 Kb5 54. Kf6 Kb4 55. Nf7 b2 56. g8Q Bd3 57. Rxd3 1-0

[Event "Heart of Finland op 23rd"]
[Site "Jyvaskyla"]
[Date "2013.07.11"]
[Round "6"]
[White "Lonnqvist, Henrik"]
[Black "Jarvenpaa, Jari"]
[Result "0-1"]
[WhiteElo "2079"]
[BlackElo "2271"]
[PlyCount "100"]
[EventDate "2013.07.08"]
[EventType "swiss"]
[EventRounds "9"]
[EventCountry "FIN"]
[SourceTitle "EXT 2022"]
[Source "ChessBase"]
[SourceDate "2021.10.06"]
[SourceVersion "1"]
[SourceVersionDate "2021.10.06"]
[SourceQuality "1"]

1. d4 d6 2. c4 e5 3. dxe5 dxe5 4. Qxd8+ Kxd8 5. Nf3 f6 6. Nc3 Be6 7. e4 Nd7 8. Be3 Bb4 9. Rc1 a5 10. a3 Bc5 11. Bxc5 Nxc5 12. b4 axb4 13. axb4 Nd7 14. Be2 Nh6 15. 0-0 c6 16. Ra1 Kc7 17. Nd2 Rhd8 18. Rxa8 Rxa8 19. Rc1 Nf7 20. f3 Nb6 21. Kf2 Na4 22. Ra1 Rd8 23. Ncb1 Nb2 24. Ke3 Nd6 25. Na3 f5 26. Ra2 Na4 27. Rc2 c5 28. Nb5+ Nxb5 29. cxb5 f4+ 30. Kf2 Kb6 31. bxc5+ Nxc5 32. Nc4+ Bxc4 33. Bxc4 Rc8 34. g3 g5 35. h4 h6 36. hxg5 hxg5 37. gxf4 gxf4 38. Kg2 Ne6 39. Rd2 Nd4 40. Bd5 Rc2 41. Rxc2 Nxc2 42. Kh3 Ne3 43. Bb3 Kxb5 44. Kh4 Kb4 45. Be6 b5 46. Kg5 Nc4 47. Bd7 Kc5 48. Kf6 b4 49. Ba4 Kd4 50. Ke6 Nd2 0-1

[Event "Heart of Finland op 23rd"]
[Site "Jyvaskyla"]
[Date "2013.07.08"]
[Round "1"]
[White "Ruotanen, Helge"]
[Black "Lonnqvist, Henrik"]
[Result "1/2-1/2"]
[WhiteElo "1985"]
[BlackElo "2079"]
[PlyCount "137"]
[EventDate "2013.07.08"]
[EventType "swiss"]
[EventRounds "9"]
[EventCountry "FIN"]
[SourceTitle "EXT 2022"]
[Source "ChessBase"]
[SourceDate "2021.10.06"]
[SourceVersion "1"]
[SourceVersionDate "2021.10.06"]
[SourceQuality "1"]

1. g3 Nf6 2. Bg2 g6 3. e4 d6 4. Nc3 Bg7 5. d3 0-0 6. Nf3 c5 7. 0-0 Nc6 8. Nd5 e6 9. Nxf6+ Bxf6 10. c3 d5 11. Bf4 e5 12. exd5 exf4 13. dxc6 bxc6 14. gxf4 Rb8 15. Qd2 Bf5 16. Rad1 Qa5 17. Ne5 Qxa2 18. Bxc6 Bxe5 19. fxe5 Qe6 20. Bf3 Qxe5 21. Rfe1 Qd6 22. Re3 Rfd8 23. Qe2 Qf6 24. Kh1 Kg7 25. Bg2 Qb6 26. Rd2 Rd6 27. Re7 Re6 28. Rxe6 Qxe6 29. Qxe6 fxe6 30. Be4 Kf6 31. Kg2 Rd8 32. Kf3 Ke5 33. Bxf5 gxf5 34. Re2+ Kf6 35. Ke3 e5 36. f3 Rg8 37. f4 exf4+ 38. Kxf4 h5 39. b3 h4 40. Ra2 Rg4+ 41. Kf3 Rg7 42. Ra5 h3 43. Rxc5 Rg2 44. d4 Rxh2 45. Kg3 Rb2 46. Kxh3 Rxb3 47. Kh4 Rb6 48. c4 Rd6 49. d5 Ke5 50. Kg3 Ra6 51. Rc8 Ra3+ 52. Kf2 a5 53. Re8+ Kd6 54. Re6+ Kd7 55. Ke2 Rc3 56. Rc6 a4 57. Kd2 Rh3 58. Ra6 a3 59. c5 a2 60. Ra7+ Kc8 61. d6 Rh7 62. Ra5 Kb8 63. Kc3 Ra7 64. d7 Rxd7 65. Rxa2 f4 66. Rf2 Rf7 67. Kd4 Kc7 68. Kd5 Rf5+ 69. Ke6 1/2-1/2

[Event "Espoo We MatSK A"]
[Site "Espoo"]
[Date "2013.02.24"]
[Round "5"]
[White "Lonnqvist, Henrik"]
[Black "Auvinen, Esa"]
[Result "1/2-1/2"]
[WhiteElo "2086"]
[BlackElo "1938"]
[PlyCount "92"]
[EventDate "2013.02.22"]
[EventType "swiss"]
[EventRounds "5"]
[EventCountry "FIN"]
[SourceTitle "EXT 2022"]
[Source "ChessBase"]
[SourceDate "2021.10.06"]
[SourceVersion "1"]
[SourceVersionDate "2021.10.06"]
[SourceQuality "1"]

1. c4 Nf6 2. Nc3 e6 3. e4 d5 4. e5 d4 5. exf6 dxc3 6. bxc3 Qxf6 7. d4 c5 8. Nf3 cxd4 9. cxd4 Bb4+ 10. Bd2 Bxd2+ 11. Qxd2 0-0 12. Bd3 Rd8 13. Rd1 Nc6 14. h4 b6 15. h5 h6 16. Rh4 Bb7 17. Bb1 e5 18. d5 Nd4 19. Rxd4 exd4 20. Qd3 b5 21. Qh7+ Kf8 22. Rxd4 Ke7 23. Qe4+ Kf8 24. Qh7 g5 25. hxg6 Qg7 26. gxf7 Qxh7 27. Bxh7 Kxf7 28. Ne5+ Kg7 29. Bd3 bxc4 30. Bxc4 Rd6 31. Ng4 Rad8 32. Ne3 Kf6 33. f4 h5 34. Kf2 Kg6 35. g3 Kf6 36. Bb3 R8d7 37. Rd2 Rd8 38. Kf3 R8d7 39. Ke4 Rc7 40. Kd4 Rg7 41. Rg2 Rd8 42. g4 hxg4 43. Nxg4+ Ke7 44. Re2+ Kf8 45. Ne5 Rg1 46. Rh2 Kg7 1/2-1/2

[Event "Espoo We MatSK A"]
[Site "Espoo"]
[Date "2013.02.23"]
[Round "2"]
[White "Salimaki, Janne"]
[Black "Lonnqvist, Henrik"]
[Result "1-0"]
[WhiteElo "2163"]
[BlackElo "2086"]
[PlyCount "73"]
[EventDate "2013.02.22"]
[EventType "swiss"]
[EventRounds "5"]
[EventCountry "FIN"]
[SourceTitle "EXT 2022"]
[Source "ChessBase"]
[SourceDate "2021.10.06"]
[SourceVersion "1"]
[SourceVersionDate "2021.10.06"]
[SourceQuality "1"]

1. e4 c5 2. Nf3 d6 3. Bb5+ Bd7 4. Bxd7+ Qxd7 5. 0-0 Nc6 6. c3 Nf6 7. d4 e6 8. d5 Ne5 9. dxe6 Nxf3+ 10. Qxf3 fxe6 11. Bg5 Be7 12. Nd2 0-0 13. Qh3 Rf7 14. Rad1 h6 15. Bxf6 Bxf6 16. Nc4 d5 17. Ne3 d4 18. Ng4 Rd8 19. Rd3 e5 20. Qg3 Kh7 21. Nxe5 Bxe5 22. Qxe5 Qb5 23. Rd2 d3 24. Rfd1 Qb6 25. b3 Rfd7 26. Qf5+ g6 27. Qf3 Qd6 28. Rxd3 Qxd3 29. Rxd3 Rxd3 30. Qf7+ Kh8 31. h4 g5 32. hxg5 hxg5 33. Qh5+ Kg7 34. Qxg5+ Kf7 35. Qf5+ Kg7 36. g3 Rf8 37. Qxc5 1-0

[Event "Helsinki We HSK 5th Group A"]
[Site "Helsinki"]
[Date "2013.??.??"]
[Round "4"]
[White "Lonnqvist, Henrik"]
[Black "Tumanov, Dmitri"]
[Result "1-0"]
[WhiteElo "2086"]
[BlackElo "1976"]
[PlyCount "95"]
[EventDate "2013.??.??"]
[EventType "swiss"]
[EventRounds "5"]
[EventCountry "FIN"]
[SourceTitle "EXT 2022"]
[Source "ChessBase"]
[SourceDate "2021.10.06"]
[SourceVersion "1"]
[SourceVersionDate "2021.10.06"]
[SourceQuality "1"]

1. d4 e6 2. Nf3 f5 3. c4 Nf6 4. g3 b6 5. Bg2 Bb7 6. 0-0 Be7 7. Nc3 0-0 8. d5 Na6 9. Nd4 Bc5 10. Nc2 e5 11. a3 Rb8 12. b4 Be7 13. Nb5 c6 14. dxc6 dxc6 15. Qxd8 Rbxd8 16. Nxa7 e4 17. b5 cxb5 18. cxb5 Nb8 19. Be3 Nd5 20. Nd4 Bf6 21. Rad1 Nc3 22. Rfe1 Nxd1 23. Rxd1 Rd7 24. Rd2 Bxd4 25. Rxd4 Bd5 26. h4 Rxa7 27. Rxd5 Rd7 28. Re5 Rd1+ 29. Kh2 Nd7 30. Re6 Rb8 31. g4 g6 32. gxf5 gxf5 33. Bh3 Rd5 34. a4 Kf7 35. Rc6 Rb7 36. Kg3 Nf6 37. Bxb6 Nh5+ 38. Kh2 Nf4 39. Rc7+ Rxc7 40. Bxc7 Ne6 41. b6 Nc5 42. a5 Na6 43. b7 Rb5 44. Bb6 Kf6 45. Kg3 Ke5 46. e3 Rb1 47. Bd4+ Kd5 48. Bxf5 1-0